[Event "POL-chT 2nd League"]
[Site "Poronin"]
[Date "2020.09.09"]
[Round "5.16"]
[White "Ziemniak, Grzegorz"]
[Black "Zurkowski, Andrzej1111"]
[Result "0-1"]
[WhiteElo "1693"]
[BlackElo "2047"]
[PlyCount "72"]
[EventDate "2020.09.05"]
[EventType "team-swiss"]
[EventRounds "9"]
[EventCountry "POL"]
[SourceTitle "CBM 198 Extra"]
[Source "ChessBase"]
[SourceDate "2020.11.30"]
[SourceVersion "1"]
[SourceVersionDate "2020.11.30"]
[SourceQuality "1"]
[WhiteTeam "Rzeszow RzKSz"]
[BlackTeam "Debica Gryf"]
[WhiteTeamCountry "POL"]
[BlackTeamCountry "POL"]

1. e4 c5 2. Nf3 g6 3. d4 cxd4 4. Nxd4 Bg7 5. Be3 Nf6 6. Bd3 Nc6 7. c4 d6 8. f3 Ng4 9. fxg4 Nxd4 10. Nc3 0-0 11. 0-0 Be6 12. Nd5 Nc6 13. h3 Rc8 14. Rf2 Bd7 15. Rc1 e6 16. Nc3 Ne5 17. b3 Qa5 18. Ne2 Qxa2 19. Nd4 Qa3 20. Bc2 Nxc4 21. Bf4 Nb2 22. Qd2 e5 23. Nf5 Bxf5 24. Be3 Be6 25. Bb1 Qxb3 26. Qxb2 Qxe3 27. Rcf1 b6 28. Kh2 d5 29. Ba2 Qxe4 30. Qa3 Rc7 31. Qd6 Rd7 32. Qa3 Qd4 33. Bb3 Qc5 34. Qa2 e4 35. h4 Bxg4 36. h5 e3 0-1